000 00737nam a2200229Ii 4500
003 JO-AjNU
008 230605s9999||||xx |||||||||||||| ||und||
017 _a2007/4/939
020 _a978-9957-02-284-6
040 _aJO-AjNU
_bara
_erda
_cJO-AjNU
041 _aara
050 1 4 _aPN45.K34 2007
100 3 _aخليل،إبراهيم,
_eauthor
_911220
245 0 0 _aمقاربات في نظرية الأدب ونظرية اللغة
250 _aط1
264 3 1 _aعمان: دار مجدلاوي للنشر والتوزيع، 2007
300 _a297ص
336 _atext
_btxt
_2rdacontent
337 _aunmediated
_bn
_2rdamedia
338 _avolume
_bnc
_2rdacarrier
650 4 _aالأدب العربي - تحليل ونقد
_911221
999 _aA2210
_c5778
_d5778